header

Catalysis, God's algorithm, and the Green Demon (Record no. 216369)

MARC details
000 -LEADER
fixed length control field 01413nam a2200289Ia 4500
100 1# - MAIN ENTRY--AUTHOR NAME
Personal name Rothenberg, Gadi.
245 10 - TITLE STATEMENT
Title Catalysis, God's algorithm, and the Green Demon
260 ## - PUBLICATION, DISTRIBUTION, ETC. (IMPRINT)
Place of publication Amsterdam :
Name of publisher Amsterdam University Press,
Year of publication 2009.
300 ## - PHYSICAL DESCRIPTION
Number of Pages 19 p.
490 0# - SERIES STATEMENT
Series statement Inaugural lecture series / Amsterdam University ;
650 #0 - SUBJECT ADDED ENTRY--TOPICAL TERM
Topical Term Catalysis.
Topical Term Environmental chemistry
856 40 - ELECTRONIC LOCATION AND ACCESS
Uniform Resource Identifier http://site.ebrary.com/lib/rucke/Doc?id=10363500

No items available.

© 2026 Rongo University
Contact us: librarian | system librarian | Rongo university